Risultati della Sampdoria in UEFA Europa League 2010-2011 - Statistics

Statistiche generali
  • Questo quiz è stato fatto 7 volte
  • Il punteggio medio è 3 su 6
Statistiche sulle risposte
Hint Risposta % Corretto
Sampdoria - PSV 1-2
67%
Sampdoria - Metalist 0-0
50%
PSV - Sampdoria 1-1
50%
Sampdoria - Debrecen 1-0
33%
Metalist - Sampdoria 2-1
33%
Debrecen - Sampdoria 2-0
17%
Nessun quiz corrispondente trovato
Distribuzione punteggi
Percentuale di utenti per punteggio
Percentile per numero di risposta
I tuoi punteggi nel tempo
Non hai fatto questo quiz